Państwa najbardziej wysunięte na zachód - Statystyki

Ogólne statystyki
  • Ten quiz został rozwiązany 122 razy
    107 od ostatniego zresetowania
  • Średni wynik to 13 z 16
Statystyki odpowiedzi
Odpowiedzi % Poprawnych
Kanada 3.
100%
Stany Zjednoczone 2.
100%
Meksyk 4.
99%
Nikaragua
87%
Gwatemala 5.
86%
Panama 11.
86%
Kostaryka 9.
83%
Salwador 6.
81%
Honduras 8.
80%
Kuba 10.
79%
Belize 7.
77%
Ekwador 12.
76%
Jamajka 13.
69%
Bahamy 14.
61%
Kiribati 1.
61%
Dania 15.
30%
Nie znaleziono quizów pasujących do podanych kryteriów
Rozkład punktacji
Procent ludzi z każdym wynikiem
Percentyl według liczby udzielonych odpowiedzi
Twoja historia wyników
Nie rozwiązałeś tego quizu od ostatniego zresetowania